| 000 | 00319nam a22001097a 4500 | ||
|---|---|---|---|
| 082 |
_a616.9041 _bMAN |
||
| 245 |
_aManual of Laboratory Medicine / _cEdited by Muhammad Tahir Khadim; Pervez Ahmed and et all |
||
| 260 |
_aIslamabad : _bNUMS, _c2018. |
||
| 300 |
_a512 p. ; _bill, _c28 cm. |
||
| 563 | _aPBK. | ||
| 942 |
_2ddc _cBK |
||
| 999 |
_c595593 _d595593 |
||